000 00309nam a2200109Ia 4500
008 220214s9999 xx 000 0 und d
100 _ajacob KT
245 0 _aPlannting materials and planting
260 _bAll India Rubber Planters' Conference,27 December 1966, Mundakayam
_c1966
300 _a9p
942 _cRE
999 _c46424
_d46424